Bunga-bunga rumput

Bibliographic Details
Main Author: Abd. Ghafar Bahari
Format: Book
Published: Kuala Lumpur : Dewan Bahasa dan Pustaka , 2007
Subjects:

MARC

LEADER 00000cam a2200000 7i4500
001 0000021177
005 20080821.0
008 080714
020 |a 9836294623 
090 0 0 |a 899.2313   |b ABD 
100 0 |a Abd. Ghafar Bahari 
245 1 0 |a Bunga-bunga rumput   |c Abd. Ghafar Bahari 
260 |a Kuala Lumpur :   |b Dewan Bahasa dan Pustaka ,   |c 2007 
650 0 |a Malay poetry 
999 |a 0001029611   |b Book   |c Adult Collection   |e Perbadanan Perpustakaan Awam Johor